| 000 | 00930nam a2200265Ia 4500 | ||
|---|---|---|---|
| 005 | 20220316235217.0 | ||
| 008 | 121119s1998 ck a gr 000 0 spa | ||
| 020 | _a958906194X | ||
| 041 | 0 | _aspa | |
| 082 | 0 | 4 |
_a321.8 _bA38i |
| 100 | 1 |
_aAguilera Peña, Mario _d1955- |
|
| 245 | 1 | 0 |
_aIdeal democrático y revuelta popular _bbosquejo histórico de la mentalidad política popular en Colombia, 1781-1948 _cMario Aguilera Peña |
| 250 | _aPrimera edición | ||
| 264 | 1 |
_aBogotá _bCerec _c1998 |
|
| 300 |
_a259 páginas _bilustraciones |
||
| 336 |
_atexto _btxt _2rdacontent |
||
| 337 |
_asin mediación _bn _2rdamedia |
||
| 338 |
_avolumen _bnc _2rdacarrier |
||
| 650 | 1 | 4 |
_2LEMB _aDemocracia _xAspectos sociales |
| 650 | 1 | 4 |
_2LEMB _aIdeología _xHistoria |
| 650 | 1 | 4 |
_2LEMB _aCambio social _vEnsayos, conferencias, etc. |
| 650 | 1 | 4 |
_2LEMB _aPartidos políticos _zColombia |
| 942 |
_2ddc _cBK |
||
| 040 |
_aCO-BoRNBP _bspa _erda _cCO-BoRNBP |
||
| 999 |
_c235 _d235 |
||